[Event "Oberliga Baden 1314"]
[Site "Germany"]
[Date "2014.02.23"]
[Round "7.2"]
[White "Schild, Christoph"]
[Black "Postoev Birkenberg, Alexander"]
[Result "1-0"]
[WhiteElo "2330"]
[BlackElo "2319"]
[PlyCount "95"]
[EventDate "2013.10.13"]
[EventType "team-tourn"]
[EventRounds "9"]
[EventCountry "GER"]
[SourceTitle "EXT 2015"]
[Source "ChessBase"]
[SourceDate "2014.11.20"]
[SourceVersion "1"]
[SourceVersionDate "2014.11.20"]
[SourceQuality "1"]
[WhiteTeam "Zaehringen"]
[BlackTeam "Hockenheim"]
[WhiteTeamCountry "GER"]
[BlackTeamCountry "GER"]

1. c4 Nf6 2. Nf3 Nc6 3. g3 e5 4. Bg2 Bc5 5. Nc3 0-0 6. 0-0 d6 7. a3 a6 8. d3 h6 9. e3 Ba7 10. b3 Rb8 11. Nd2 Bg4 12. Qc2 Qd7 13. Bb2 Nh7 14. Nd5 Nd8 15. b4 c6 16. Nc3 f5 17. h3 Bh5 18. c5 f4 19. g4 Ng5 20. exf4 exf4 21. Nf3 Nxf3+ 22. Bxf3 Bg6 23. cxd6 Qxd6 24. Ne4 Qe7 25. Rae1 Kh7 26. Nf6+ Qxf6 27. Bxf6 Rxf6 28. h4 Ne6 29. Rxe6 Rxe6 30. h5 Bf7 31. d4+ Kh8 32. Qf5 Bg8 33. Rd1 Rf6 34. Qd7 Rf7 35. Qd6 Rf6 36. Qc7 Rf7 37. Qe5 Rd7 38. g5 hxg5 39. h6 Rbd8 40. Kg2 Bb8 41. hxg7+ Rxg7 42. Qf6 Re8 43. Rh1+ Bh7 44. Bg4 f3+ 45. Kxf3 Kg8 46. Be6+ Rxe6 47. Qxe6+ Kh8 48. Qc8+ 1-0

[Event "Oberliga Baden 1314"]
[Site "Germany"]
[Date "2013.11.10"]
[Round "2.2"]
[White "Schild, Christoph"]
[Black "Roos, Jean Luc"]
[Result "1/2-1/2"]
[WhiteElo "2357"]
[BlackElo "2262"]
[PlyCount "133"]
[EventDate "2013.10.13"]
[EventType "team-tourn"]
[EventRounds "9"]
[EventCountry "GER"]
[SourceTitle "EXT 2015"]
[Source "ChessBase"]
[SourceDate "2014.11.20"]
[SourceVersion "1"]
[SourceVersionDate "2014.11.20"]
[SourceQuality "1"]
[WhiteTeam "Zaehringen"]
[BlackTeam "Kuppenheim"]
[WhiteTeamCountry "GER"]
[BlackTeamCountry "GER"]

1. c4 c5 2. g3 g6 3. Nc3 Nc6 4. Bg2 Bg7 5. Nf3 e5 6. 0-0 Nge7 7. a3 0-0 8. d3 d6 9. Rb1 a5 10. Ne1 Be6 11. Nd5 Rb8 12. Nxe7+ Qxe7 13. Nc2 Rfd8 14. Ne3 Qd7 15. Bd2 b5 16. Bxc6 Qxc6 17. Bxa5 Re8 18. Bc3 f5 19. cxb5 Rxb5 20. b4 d5 21. a4 Rbb8 22. b5 Qc7 23. Ng2 d4 24. Bd2 c4 25. dxc4 Bxc4 26. Bb4 Qf7 27. Qc2 Rbc8 28. Qd2 e4 29. Rfc1 Rcd8 30. Qc2 Ba2 31. Ra1 Bb3 32. Qb1 d3 33. Ra3 Bc2 34. Rxc2 dxc2 35. Qxc2 Rc8 36. Qb3 Rc1+ 37. Ne1 Bf8 38. Kf1 Rd8 39. b6 Qxb3 40. Rxb3 Bxb4 41. Rxb4 Rc5 42. e3 Rb8 43. Ke2 Kf7 44. f3 Ra5 45. fxe4 fxe4 46. Nc2 Ra6 47. Kd2 Rbxb6 48. Rxb6 Rxb6 49. Kc3 Rc6+ 50. Kb3 Ke7 51. a5 Kd6 52. Nd4 Rc1 53. a6 Kc7 54. Ne6+ Kb6 55. Ng5 Rc7 56. Nxe4 Re7 57. Nf6 Kxa6 58. Nd5 Rf7 59. Kc4 Kb7 60. Nf4 Kc6 61. Kd4 g5 62. Ne6 Rf2 63. Nxg5 Rxh2 64. Ke5 h5 65. Ne6 h4 66. gxh4 Rxh4 67. Nf4 1/2-1/2

[Event "Deizisau op 8th"]
[Site "Deizisau"]
[Date "2013.10.28"]
[Round "5"]
[White "Zeller, Frank"]
[Black "Schild, Christoph"]
[Result "1/2-1/2"]
[WhiteElo "2414"]
[BlackElo "2350"]
[PlyCount "95"]
[EventDate "2013.10.26"]
[EventType "swiss"]
[EventRounds "7"]
[EventCountry "GER"]
[SourceTitle "EXT 2014"]
[Source "ChessBase"]
[SourceDate "2013.11.20"]
[SourceVersion "1"]
[SourceVersionDate "2013.11.20"]
[SourceQuality "1"]

1. c4 Nf6 2. Nf3 b6 3. g3 e6 4. Bg2 Be7 5. Nc3 Bb7 6. 0-0 0-0 7. Re1 d5 8. cxd5 exd5 9. d4 c6 10. Qc2 Nbd7 11. Nh4 Re8 12. Nf5 Bf8 13. Bg5 g6 14. Nh6+ Kg7 15. e4 Be7 16. exd5 Nxd5 17. Bxd5 cxd5 18. Bxe7 Rxe7 19. Qd2 Nf6 20. f3 Bc8 21. Re5 Rxe5 22. dxe5 Ne8 23. Rd1 Be6 24. Ng4 Bxg4 25. fxg4 Nc7 26. Nxd5 Nxd5 27. Qxd5 Qxd5 28. Rxd5 Re8 29. Kf2 Kf8 30. Rd7 Rxe5 31. Rxa7 Rc5 32. b4 Rc2+ 33. Kg1 h6 34. a3 Kg7 35. h4 Rc4 36. Ra6 Rxg4 37. Kh2 b5 38. Rb6 g5 39. Kh3 Rc4 40. hxg5 hxg5 41. Rxb5 Kg6 42. a4 f5 43. Rb8 Rc2 44. Rg8+ Kh5 45. Rh8+ Kg6 46. Rg8+ Kh5 47. Rh8+ Kg6 48. Rg8+ 1/2-1/2

[Event "Deizisau op 8th"]
[Site "Deizisau"]
[Date "2013.10.27"]
[Round "3"]
[White "Rahnfeld, Jens"]
[Black "Schild, Christoph"]
[Result "0-1"]
[WhiteElo "2014"]
[BlackElo "2350"]
[PlyCount "152"]
[EventDate "2013.10.26"]
[EventType "swiss"]
[EventRounds "7"]
[EventCountry "GER"]
[SourceTitle "EXT 2014"]
[Source "ChessBase"]
[SourceDate "2013.11.20"]
[SourceVersion "1"]
[SourceVersionDate "2013.11.20"]
[SourceQuality "1"]

1. e4 e6 2. d4 d5 3. Nc3 Nf6 4. Bg5 Be7 5. e5 Nfd7 6. Bxe7 Qxe7 7. f4 0-0 8. Nf3 c5 9. Qd2 Nc6 10. dxc5 Qxc5 11. 0-0-0 Rb8 12. Nb5 a6 13. Nbd4 Nxd4 14. Qxd4 b5 15. Bd3 Qxd4 16. Nxd4 Rb6 17. Rhe1 Nb8 18. Re3 Nc6 19. Bf1 Bd7 20. Nxc6 Rxc6 21. Rd4 Rfc8 22. c3 Be8 23. Kd2 Kf8 24. g4 R6c7 25. g5 g6 26. h4 Ke7 27. Re1 Bd7 28. h5 Rh8 29. Bd3 Rb8 30. h6 Rcb7 31. a3 Kd8 32. Kc2 a5 33. Kb3 Ra7 34. Ra1 Kc7 35. Be2 Rb6 36. Kc2 Kb8 37. Kb3 Bc8 38. Kc2 Rc7 39. Kd2 Ka7 40. Ke3 Ba6 41. Bd3 Bc8 42. Kd2 Kb8 43. Bc2 Bd7 44. Bb3 Bc6 45. Bc2 Rcb7 46. Bd1 Be8 47. Bb3 Rc7 48. Rc1 Kb7 49. Bd1 Rc4 50. Bb3 Rxd4+ 51. cxd4 a4 52. Bc2 b4 53. Bd3 Bb5 54. axb4 Bxd3 55. Kxd3 Rxb4 56. Ra1 Kb6 57. Kc3 Rb3+ 58. Kc2 Kb5 59. Rf1 Rg3 60. Kb1 Kc4 61. Rc1+ Kb3 62. Ka1 Rd3 63. Kb1 Re3 64. Rd1 Rf3 65. Rc1 Rd3 66. Ka1 Rxd4 67. Rc3+ Kb4 68. Rc8 Rxf4 69. Kb1 Rf5 70. Rh8 Rxe5 71. Rxh7 Kb3 72. Kc1 Rxg5 73. Rh8 Rh5 74. h7 Ka2 75. Kd2 Kb1 76. Kc3 Rh4 0-1